Poultry diseases : diagnosis and treatment

Bibliographic Details
Main Author: Chauhan, H.V.S
Format: Book
Published: New Delhi : New Age International (P) Ltd , 2007
Subjects:

MARC

LEADER 00000cam a2200000 7i4500
001 0000042836
005 20140915.0
008 140915
020 |a 8122420184 
090 0 0 |a 636.5089600959   |b CHA 
100 1 |a Chauhan, H.V.S 
245 1 0 |a Poultry diseases :   |b diagnosis and treatment   |c H.V.S. Chauhan & S. Roy 
260 |a New Delhi :   |b New Age International (P) Ltd ,   |c 2007 
650 0 |a Livestock   |x Diseases   |z Southeast Asia 
650 0 |a Poultry   |x Diseases   |z Southeast Asia 
999 |a 0001293013   |b Book   |c Adult Collection   |e Perbadanan Perpustakaan Awam Johor